000 01616cam a2200325 i 4500
999 _c20855
_d20855
001 vtls000944311
003 NUKAT
005 20211122112524.0
008 070712s2007 pl f u |000 0 eng c
020 _a9788325121075
035 _azz2007895114
039 9 _a201802191402
_bvpp
_c201312180121
_dVLOAD
_c201312170143
_dVLOAD
_c201302140112
_dVLOAD
040 _aPOZN 31/HS
_cPOZN 31/HS
_dPOZN 31/MK
099 0 _atoHS1437
245 0 0 _aKompatybilność elektromagnetyczna - Wymagania dotyczące przyrządów powszechnego użytku, narzędzi elektrycznych i podobnych urządzeń - Część 1: Emisja PN-EN 55014-1:2007E /
_cPolski Komitet Normalizacyjny.
246 3 0 _aPN-EN 55014-1 (U)
246 1 3 _aElectromagnetic compatibility - Requirements for household appliances, electric tools and similar apparatus - Part 1: Emission
260 _aWarszawa :
_bPolski Komitet Normalizacyjny,
_c2007.
300 _a145 s. ;
_c30 cm.
500 _aNiniejsza norma jest angielską wersją normy europejskiej EN 55014-1: 2006 uznaną przez Polski Komitet Normalizacyjny za Polską Normę.
500 _aICS 33.100.10.
504 _aBibliogr. s. 145.
546 _aTekst ang., s. tyt. w jęz. pol.
590 _aWprowadza EN 55014-1: 2006, IDT ; Zastępuje PN-EN 55014-1: 2004 r. ; Norma wycofana ; Zastąpiona przez PN-EN 55014-1:2012 wersja polska.
710 1 _aPolska.
_bPolski Komitet Normalizacyjny.
_91107
710 1 _aPolska.
_bPolski Komitet Normalizacyjny.
_bWydział Wydawnictw Normalizacyjnych.
_4pbl
_91108
942 _2ddc
_cBK